000 00375nam a2200145Ia 4500
008 190430s9999 xx 000 0 und d
245 _a19th century book on Philippine flora published again/
260 _bManila Standard
260 _c2017
300 _aJuly 4, 2017
440 _aManila Standard
650 _abook
650 _aEducation
650 _aPhilippine flora
999 _c361764
_d361764